| 000 | 00459nam a2200169Ia 4500 | ||
|---|---|---|---|
| 001 | 2049 | ||
| 008 | 140314s9999 xx 000 0 und d | ||
| 020 | _a8176496464 | ||
| 040 | _cPK-LaUMT | ||
| 082 |
_aR 331.702003 _bINT- |
||
| 100 | _aAndrew Morkes | ||
| 245 |
_aInternational encyclopedia of careers and vocational guidance _cAndrew Morkes |
||
| 250 | _a12th | ||
| 260 |
_aNew Delhi,India: _bViva Books Private Limited, _c2004 |
||
| 501 | _a4 | ||
| 942 | _cBK | ||
| 999 |
_c2359 _d2359 |
||